Machines and consciousness

Saved in:  
Bibliographic Details
Main Author: Wilks, Yorick 1939- (Author)
Format: Print Article
Language:English
Check availability: HBZ Gateway
Interlibrary Loan:Interlibrary Loan for the Fachinformationsdienste (Specialized Information Services in Germany)
Published: 1987
In: Minds, machines and evolution
Year: 1987, Pages: 105-128

MARC

LEADER 00000naa a22000002c 4500
001 1946872016
003 DE-627
005 20251219090915.0
007 tu
008 251219s1987 xx ||||| 00| ||eng c
020 |a 052133828X 
035 |a (DE-627)1946872016 
035 |a (DE-599)KXP1946872016 
040 |a DE-627  |b ger  |c DE-627  |e rda 
041 |a eng 
084 |a 0  |2 ssgn 
100 1 |e VerfasserIn  |0 (DE-588)133416704  |0 (DE-627)545635918  |0 (DE-576)273443445  |4 aut  |a Wilks, Yorick  |d 1939- 
109 |a Wilks, Yorick 1939-  |a Wilks, Y. 1939-  |a Wilks, Yorick A. 1939-  |a Wilks, Yorick Alexander 1939- 
245 1 0 |a Machines and consciousness 
264 1 |c 1987 
336 |a Text  |b txt  |2 rdacontent 
337 |a ohne Hilfsmittel zu benutzen  |b n  |2 rdamedia 
338 |a Band  |b nc  |2 rdacarrier 
773 0 8 |i Enthalten in  |t Minds, machines and evolution  |b Repr., 1. publ. 1984  |d Cambridge [u.a.] : Cambridge Univ. Press, 1987  |g (1987), Seite 105-128  |h XI, 177 S  |w (DE-627)193419920  |w (DE-576)021283974  |z 0521265479  |z 052133828X  |7 nnam 
773 1 8 |g year:1987  |g pages:105-128 
935 |a mteo 
951 |a AR 
ELC |b 1 
LOK |0 000 xxxxxcx a22 zn 4500 
LOK |0 001 4830988460 
LOK |0 003 DE-627 
LOK |0 004 1946872016 
LOK |0 005 20251219032919 
LOK |0 008 251219||||||||||||||||ger||||||| 
LOK |0 035   |a (DE-Tue135)193419920_1987_105 
LOK |0 040   |a DE-Tue135  |c DE-627  |d DE-Tue135 
LOK |0 092   |o n 
LOK |0 852   |a DE-Tue135 
LOK |0 852 1  |9 00 
LOK |0 935   |a imwa  |a ixau  |a rwrk 
LOK |0 939   |a 19-12-25  |b l01 
ORI |a SA-MARC-ixtheoa001.raw 
REL |a 1 
SUB |a REL